[Event "North Bay int."]
[Site "North Bay CAN"]
[Date "1996.08.08"]
[Round "2"]
[White "Wen, Jean-Francois"]
[Black "Glinert, Stephen"]
[Result "1-0"]
[WhiteElo "2214"]
[BlackElo "2160"]
[PlyCount "121"]
[EventDate "1996.08.07"]
[EventType "swiss"]
[EventRounds "9"]
[EventCountry "CAN"]

1. c4 e6 2. g3 d5 3. d4 Nf6 4. Bg2 Be7 5. Nf3 O-O 6. O-O b6 7. Ne5 Bb7 8. Nc3
Nbd7 9. Nxd7 Qxd7 10. cxd5 exd5 11. Qd3 Rfd8 12. Rd1 Rac8 13. Bg5 h6 14. Bxf6
Bxf6 15. e3 c6 16. Rab1 Qe7 17. b4 Ba8 18. Bh3 Rc7 19. Na4 Qe8 20. Qc2 Be7 21.
Rdc1 Bd6 22. Nc3 Qe7 23. a3 Bb7 24. Qb3 Qg5 25. a4 c5 26. bxc5 bxc5 27. Nb5 c4
28. Qc3 Re7 29. Qa5 Ree8 30. Nxd6 Rxd6 31. Rxb7 Rxe3 32. Rbb1 Re2 33. Re1 Rc2
34. Qxa7 Rf6 35. Re5 Qd2 36. Qa8+ Kh7 37. Bf5+ g6 38. Bxg6+ Rxg6 39. Rf5 Qxd4
40. Rxf7+ Rg7 41. Rxg7+ Kxg7 42. Rb7+ Kg6 43. Qg8+ Kh5 44. Qf7+ Kg5 45. h4+ Kg4
46. Qg6+ Kh3 47. Qxc2 Qe5 48. Rb1 Qf6 49. Qe2 Qf5 50. Rf1 Qg6 51. Re1 c3 52.
Qe6+ Qxe6 53. Rxe6 d4 54. Rc6 Kg4 55. a5 Kf3 56. Kf1 Ke4 57. a6 Kd3 58. a7 Kd2
59. a8=Q c2 60. Qa5+ Kd3 61. Ke1 1-0

[Event "North Bay int."]
[Site "North Bay CAN"]
[Date "1996.08.08"]
[Round "3"]
[White "Jung, Hans"]
[Black "Glinert, Stephen"]
[Result "1-0"]
[WhiteElo "2327"]
[BlackElo "2160"]
[PlyCount "64"]
[EventDate "1996.08.07"]
[EventType "swiss"]
[EventRounds "9"]
[EventCountry "CAN"]

1. e4 d6 2. d4 Nf6 3. Nc3 g6 4. Be3 Bg7 5. Qd2 c6 6. Bh6 Bxh6 7. Qxh6 Nbd7 8.
O-O-O Qc7 9. Nf3 b5 10. Ng5 Bb7 11. Bd3 b4 12. Ne2 Rf8 13. f4 O-O-O 14. e5 Ng4
15. Qh4 Ne3 16. Rd2 c5 17. Qg3 Nd5 18. e6 N7f6 19. dxc5 dxc5 20. exf7 Qa5 21.
Bc4 Nc7 22. Rxd8+ Rxd8 23. Rd1 Rf8 24. f5 Bd5 25. Bxd5 Ncxd5 26. Qb3 Qa6 27.
Rxd5 Nxd5 28. Qxd5 h6 29. Qxc5+ Kb8 30. Qxb4+ Ka8 31. Ne6 Rc8 32. f8=Q g5 1-0

[Event "North Bay int."]
[Site "North Bay CAN"]
[Date "1996.08.09"]
[Round "4"]
[White "Glinert, Stephen"]
[Black "Ceterski, Tom"]
[Result "1-0"]
[WhiteElo "2160"]
[BlackElo "2015"]
[PlyCount "101"]
[EventDate "1996.08.07"]
[EventType "swiss"]
[EventRounds "9"]
[EventCountry "CAN"]

1. e4 c5 2. d4 cxd4 3. c3 Nf6 4. e5 Nd5 5. Nf3 Nc6 6. cxd4 d6 7. exd6 exd6 8.
Bd3 Be7 9. O-O O-O 10. h3 h6 11. Bd2 Nf6 12. a3 a6 13. Nc3 Be6 14. Ne2 Qd7 15.
Ng3 Rfd8 16. Bb1 Bf8 17. Be3 Ne7 18. Nh4 g5 19. Nf3 g4 20. hxg4 Bxg4 21. Bd3
Ng6 22. Be2 Rac8 23. Kh2 Bg7 24. Rh1 Nd5 25. Kg1 Nxe3 26. fxe3 Re8 27. Nh4 Bxe2
28. Qxe2 Bxd4 29. Nhf5 Bg7 30. Nxg7 Kxg7 31. Nh5+ Kf8 32. Nf6 Qe6 33. Nxe8 Rxe8
34. Re1 Ne5 35. Qh5 Nc4 36. Re2 d5 37. Qxh6+ Qxh6 38. Rxh6 Re7 39. Kf2 Kg7 40.
Rh4 Ne5 41. Rd4 Rd7 42. Red2 b5 43. b3 Re7 44. Re2 Rd7 45. e4 dxe4 46. Rxd7
Nxd7 47. Rxe4 Nc5 48. Re3 f5 49. b4 Ne4+ 50. Rxe4 fxe4 51. Ke3 1-0

[Event "North Bay int."]
[Site "North Bay CAN"]
[Date "1996.08.09"]
[Round "5"]
[White "Thiele, Frank"]
[Black "Glinert, Stephen"]
[Result "1/2-1/2"]
[WhiteElo "2108"]
[BlackElo "2160"]
[PlyCount "40"]
[EventDate "1996.08.07"]
[EventType "swiss"]
[EventRounds "9"]
[EventCountry "CAN"]

1. e4 d6 2. d4 Nf6 3. f3 g6 4. c4 Bg7 5. Nc3 O-O 6. Be3 e5 7. dxe5 dxe5 8. Qxd8
Rxd8 9. Nd5 Nxd5 10. cxd5 f5 11. Bc4 Kh8 12. Ne2 Nd7 13. O-O Nf6 14. Nc3 a6 15.
a4 Bd7 16. h3 f4 17. Bc5 Bf8 18. Bxf8 Rxf8 19. b4 Ne8 20. b5 Nd6 1/2-1/2

[Event "North Bay int."]
[Site "North Bay CAN"]
[Date "1996.08.10"]
[Round "6"]
[White "Glinert, Stephen"]
[Black "Hathaway, John"]
[Result "1/2-1/2"]
[WhiteElo "2160"]
[BlackElo "2188"]
[PlyCount "75"]
[EventDate "1996.08.07"]
[EventType "swiss"]
[EventRounds "9"]
[EventCountry "CAN"]

1. e4 e6 2. d4 d5 3. Nc3 Nf6 4. Bg5 Bb4 5. Nge2 h6 6. Bxf6 gxf6 7. a3 Bxc3+ 8.
Nxc3 c6 9. Be2 b6 10. f4 Ba6 11. O-O dxe4 12. Bxa6 Nxa6 13. Nxe4 f5 14. Ng3 Qd5
15. c3 O-O-O 16. Qe2 Nc7 17. Rad1 c5 18. Qh5 Rd7 19. Kh1 c4 20. Rf2 Qb5 21. Qe2
Rg8 22. Nf1 Nd5 23. Ne3 Nxe3 24. Qxe3 Qc6 25. Qh3 Rg6 26. Re2 Rd8 27. Re5 Rdg8
28. Rd2 Qa4 29. Ree2 Qd7 30. Re5 Qa4 31. Ree2 Qd7 32. Qf3 Kb8 33. d5 Qc7 34. d6
Qd7 35. Rd4 Rc8 36. Red2 Rc5 37. Qe2 b5 38. a4 1/2-1/2

[Event "North Bay int."]
[Site "North Bay CAN"]
[Date "1996.08.10"]
[Round "7"]
[White "Zendrowski, Jay"]
[Black "Glinert, Stephen"]
[Result "1/2-1/2"]
[WhiteElo "2224"]
[BlackElo "2160"]
[PlyCount "109"]
[EventDate "1996.08.07"]
[EventType "swiss"]
[EventRounds "9"]
[EventCountry "CAN"]

1. e4 d6 2. d4 Nf6 3. Nc3 g6 4. Nf3 Bg7 5. Bd3 O-O 6. h3 c6 7. Be3 Qc7 8. Qd2
Nbd7 9. O-O b5 10. a4 b4 11. Ne2 c5 12. c3 c4 13. Bb1 b3 14. Ng3 e5 15. Bh6 Bb7
16. Bxg7 Kxg7 17. Qg5 Rae8 18. Rd1 Kh8 19. Qe3 a5 20. Nd2 Nb6 21. f4 Ng8 22.
fxe5 dxe5 23. dxe5 Rxe5 24. Nf3 Ree8 25. Qd4+ f6 26. Qd6 Rc8 27. Qxc7 Rxc7 28.
Nd4 Rd8 29. Rf1 Re7 30. h4 Nd7 31. Nf3 Ne5 32. Nd4 Kg7 33. h5 Nh6 34. Nge2 Nhf7
35. Nf4 Rd6 36. Nd5 Bxd5 37. exd5 Rxd5 38. Be4 Rd6 39. hxg6 hxg6 40. Rad1 Ng5
41. Bb1 Kf7 42. Rd2 Nc6 43. Nxb3 Red7 44. Rfd1 Rxd2 45. Nxd2 Ne5 46. Kf2 Ng4+
47. Kg3 Ne3 48. Re1 Rxd2 49. Rxe3 Rxb2 50. Be4 Rd2 51. Bc6 Rd8 52. Bb5 Rc8 53.
Bd7 Rc7 54. Be8+ Kg7 55. Kf4 1/2-1/2

[Event "North Bay int."]
[Site "North Bay CAN"]
[Date "1996.08.11"]
[Round "8"]
[White "Cabanas, Francisco"]
[Black "Glinert, Stephen"]
[Result "1-0"]
[WhiteElo "2234"]
[BlackElo "2160"]
[PlyCount "77"]
[EventDate "1996.08.07"]
[EventType "swiss"]
[EventRounds "9"]
[EventCountry "CAN"]

1. e4 d6 2. d4 Nf6 3. f3 g6 4. c4 Bg7 5. Nc3 O-O 6. Be3 Nc6 7. Qd2 e5 8. d5 Ne7
9. c5 Ne8 10. Bd3 f5 11. Nge2 f4 12. Bf2 g5 13. O-O-O h5 14. Kb1 g4 15. cxd6
cxd6 16. Bh4 Bf6 17. Bxf6 Nxf6 18. h3 gxf3 19. gxf3 h4 20. Nxf4 exf4 21. Qxf4
Ng6 22. Rdg1 Ng4 23. Qd2 N4e5 24. f4 Nxd3 25. Rxg6+ Kf7 26. Rhg1 Nc5 27. Qg2
Ke8 28. Rg7 Qf6 29. Nb5 Kd8 30. Rg8 Nxe4 31. Rxf8+ Qxf8 32. Ka1 Ng3 33. Qc2 Qe7
34. Qc3 Qh7 35. Qf6+ Qe7 36. Qh8+ Kd7 37. Rc1 Qd8 38. Qg7+ Ke8 39. Re1+ 1-0

[Event "North Bay int."]
[Site "North Bay CAN"]
[Date "1996.08.11"]
[Round "9"]
[White "Glinert, Stephen"]
[Black "Deline, Ralph"]
[Result "1-0"]
[WhiteElo "2160"]
[BlackElo "2067"]
[PlyCount "73"]
[EventDate "1996.08.07"]
[EventType "swiss"]
[EventRounds "9"]
[EventCountry "CAN"]

1. e4 e5 2. Nf3 Nc6 3. d4 exd4 4. Nxd4 Nf6 5. Nxc6 bxc6 6. Qd4 d5 7. Nc3 Be6 8.
Bg5 Be7 9. O-O-O O-O 10. Ba6 c5 11. Qa4 d4 12. f3 Qb8 13. Nb5 c6 14. Na3 Qb6
15. Bd2 Rab8 16. b3 Qc7 17. Nc4 Bxc4 18. Bxc4 Nd7 19. f4 Nb6 20. Qa6 Nxc4 21.
Qxc4 Rfe8 22. g3 Bf8 23. e5 a5 24. a4 Kh8 25. h4 Red8 26. Be1 Rd5 27. Rd3 Be7
28. Bd2 Bd8 29. g4 Qd7 30. g5 Qf5 31. h5 f6 32. exf6 gxf6 33. g6 h6 34. Qa6 Bc7
35. Qxc6 Bxf4 36. Rg1 Bg5 37. Qc7 1-0

[Event "Van der Wel mem"]
[Site "Hamilton CAN"]
[Date "1996.05.05"]
[Round "5"]
[White "Glinert, Stephen"]
[Black "Dynna, Mark"]
[Result "1/2-1/2"]
[WhiteElo "2168"]
[BlackElo "1793"]
[PlyCount "69"]
[EventDate "1996.05.03"]
[EventType "swiss"]
[EventRounds "5"]
[EventCountry "CAN"]

1. e4 c5 2. d4 cxd4 3. c3 d3 4. Bxd3 Nc6 5. Nf3 d6 6. O-O g6 7. Bf4 Bg7 8. Nbd2
Nf6 9. Qc2 O-O 10. Rad1 Bd7 11. Bg3 Rc8 12. Qb1 a6 13. a3 b5 14. Nb3 Qb6 15.
Nbd4 Bg4 16. Be2 Nh5 17. Kh1 Nxg3+ 18. hxg3 Nxd4 19. Nxd4 Bxe2 20. Nxe2 Be5 21.
f4 Bg7 22. Rf3 a5 23. Rdd3 b4 24. cxb4 axb4 25. a4 Rc7 26. b3 Rfc8 27. Rd2 Rc5
28. g4 R8c6 29. Rf1 Qc7 30. Rfd1 Qc8 31. f5 Be5 32. Qd3 Qf8 33. Qh3 Rc2 34. g5
Qc8 35. Qd3 1/2-1/2

[Event "CAN-ch U16"]
[Site "Winnipeg CAN"]
[Date "1996.03.23"]
[Round "1"]
[White "Hua, Lefong"]
[Black "Glinert, Stephen"]
[Result "0-1"]
[WhiteElo "2140"]
[BlackElo "2160"]
[PlyCount "82"]
[EventDate "1996.03.23"]
[EventType "tourn"]
[EventRounds "9"]
[EventCountry "CAN"]
[Source "ChessBase"]
[SourceDate "2000.11.22"]

1. d4 d5 2. Nf3 e6 3. Bg5 Be7 4. Bxe7 Qxe7 5. c4 Nf6 6. e3 O-O 7. Nc3 b6 8.
cxd5 exd5 9. Bd3 Be6 10. O-O Nbd7 11. Rc1 c5 12. Re1 Bg4 13. Bb1 Qe6 14. e4
cxd4 15. exd5 Qd6 16. Qxd4 Bxf3 17. gxf3 Rfe8 18. Re3 Ne5 19. Ne4 Qd8 20. Ng5
Qxd5 21. Bxh7+ Kf8 22. Qb4+ Re7 23. f4 Nc6 24. Qa3 Rae8 25. Bb1 Kg8 26. Rce1
Rxe3 27. fxe3 Nh5 28. Qc3 Nf6 29. Bc2 Re7 30. Bb3 Qd7 31. h3 Na5 32. Rd1 Qe8
33. Rd3 Nxb3 34. Qxb3 Nd7 35. e4 Nc5 36. Qd5 Nxd3 37. Qxd3 Qd7 38. Qf3 Qd4+ 39.
Kg2 Qd2+ 40. Kg3 Qe1+ 41. Kg2 Rd7 0-1

[Event "CAN-ch U16"]
[Site "Winnipeg CAN"]
[Date "1996.03.23"]
[Round "2"]
[White "Bertrand, Eric"]
[Black "Glinert, Stephen"]
[Result "0-1"]
[WhiteElo "1829"]
[BlackElo "2160"]
[PlyCount "70"]
[EventDate "1996.03.23"]
[EventType "tourn"]
[EventRounds "9"]
[EventCountry "CAN"]
[Source "ChessBase"]
[SourceDate "2000.11.22"]

1. e4 d6 2. d4 Nf6 3. Nc3 g6 4. Nf3 Bg7 5. Bc4 O-O 6. O-O c6 7. Re1 b5 8. Bb3
a6 9. a4 b4 10. Na2 a5 11. c3 Na6 12. Bc4 Qb6 13. e5 Nd5 14. exd6 exd6 15. Bxd5
cxd5 16. Qb3 Bb7 17. Bd2 Bc6 18. cxb4 axb4 19. Rac1 Rab8 20. Bf4 Rfd8 21. Re7
Rd7 22. Rxd7 Bxd7 23. Qxd5 Be6 24. Qxd6 Qxd6 25. Bxd6 Rb6 26. d5 Rxd6 27. dxe6
Bxb2 28. exf7+ Kxf7 29. Rb1 b3 30. Ng5+ Kg7 31. Nb4 Nxb4 32. h4 Nd3 33. Kf1 Rc6
34. Ke2 Nc1+ 35. Kd1 Rd6+ 0-1

[Event "CAN-ch U16"]
[Site "Winnipeg CAN"]
[Date "1996.03.24"]
[Round "3"]
[White "Glinert, Stephen"]
[Black "Guo, Xin"]
[Result "1/2-1/2"]
[WhiteElo "2160"]
[BlackElo "2163"]
[PlyCount "106"]
[EventDate "1996.03.23"]
[EventType "tourn"]
[EventRounds "9"]
[EventCountry "CAN"]
[Source "ChessBase"]
[SourceDate "2000.11.22"]

1. e4 Nf6 2. e5 Nd5 3. Nc3 Nxc3 4. dxc3 d6 5. Nf3 Bg4 6. h3 Bh5 7. Bc4 e6 8.
Bf4 Nc6 9. Bb5 Be7 10. Qd2 O-O 11. g4 Bg6 12. O-O-O Nxe5 13. Nxe5 dxe5 14. Bxe5
Qxd2+ 15. Rxd2 c6 16. Be2 Rfd8 17. Rhd1 Rxd2 18. Rxd2 Rd8 19. Rxd8+ Bxd8 20.
Bd4 Bb6 21. Kd2 Bxd4 22. cxd4 Kf8 23. c4 Ke7 24. b4 f6 25. f4 Kd6 26. Kc3 Be4
27. h4 h6 28. h5 Kc7 29. a4 a6 30. a5 Kd6 31. Kd2 g5 32. fxg5 fxg5 33. Ke3 Bc2
34. Bd3 Bxd3 35. Kxd3 e5 36. dxe5+ Kxe5 37. Ke3 Kf6 38. Kd4 Ke6 39. Ke4 Kf6 40.
Kd4 Ke6 41. Kc5 Kd7 42. b5 cxb5 43. cxb5 axb5 44. Kxb5 Kc8 45. Kb6 Kb8 46. Kb5
Kc8 47. Kc4 Kb8 48. Kc5 Kc7 49. Kd5 Kd7 50. Kc5 Kc7 51. Kb5 Kc8 52. Kc4 Kd7 53.
Kb5 Kc8 1/2-1/2

[Event "CAN-ch U16"]
[Site "Winnipeg CAN"]
[Date "1996.04.24"]
[Round "4"]
[White "Zugic, Igor"]
[Black "Glinert, Stephen"]
[Result "1-0"]
[WhiteElo "2300"]
[BlackElo "2160"]
[PlyCount "111"]
[EventDate "1996.03.23"]
[EventType "tourn"]
[EventRounds "9"]
[EventCountry "CAN"]
[Source "ChessBase"]
[SourceDate "2000.11.22"]

1. d4 d5 2. c4 e6 3. Nc3 Nf6 4. Bg5 Be7 5. e3 h6 6. Bh4 O-O 7. Nf3 b6 8. cxd5
Nxd5 9. Bxe7 Qxe7 10. Rc1 Rd8 11. Nxd5 exd5 12. Qc2 c6 13. Be2 Bb7 14. O-O Nd7
15. Bd3 c5 16. Bf5 Rdc8 17. Qa4 Bc6 18. Qa3 Rc7 19. Rc2 Rac8 20. Rfc1 g6 21.
Bxd7 Bxd7 22. dxc5 bxc5 23. Nd4 Qe4 24. Ne2 Bf5 25. Rd2 d4 26. h3 dxe3 27. Qxe3
Qxe3 28. fxe3 c4 29. g4 Be4 30. Kf2 f5 31. Kg3 Rf7 32. Nd4 Rff8 33. gxf5 gxf5
34. Kf4 Bd3 35. Rg2+ Kh7 36. Rcg1 Rce8 37. Rg7+ Kh8 38. R7g6 Kh7 39. Ne6 Rf7
40. Rg7+ Rxg7 41. Rxg7+ Kh8 42. Rg6 Kh7 43. Rf6 Bb1 44. Ke5 a5 45. a3 Rb8 46.
h4 Rxb2 47. Rf7+ Kh8 48. Rc7 Re2 49. Kf6 Rg2 50. Rxc4 Rg4 51. Rc8+ Rg8 52.
Rxg8+ Kxg8 53. Nd4 Kf8 54. Nxf5 h5 55. Nd6 Bd3 56. e4 1-0

[Event "CAN-ch U16"]
[Site "Winnipeg CAN"]
[Date "1996.03.25"]
[Round "5"]
[White "Glinert, Stephen"]
[Black "Cormos, Eugene"]
[Result "1/2-1/2"]
[WhiteElo "2160"]
[BlackElo "2139"]
[PlyCount "77"]
[EventDate "1996.03.23"]
[EventType "tourn"]
[EventRounds "9"]
[EventCountry "CAN"]
[Source "ChessBase"]
[SourceDate "2000.11.22"]

1. e4 e5 2. Nf3 Nc6 3. d4 exd4 4. Nxd4 Bc5 5. Be3 Qf6 6. c3 Nge7 7. Bc4 O-O 8.
O-O Ne5 9. Be2 Qg6 10. f3 d5 11. Nd2 Rd8 12. Kh1 Bb6 13. Bf4 f6 14. Qb3 Kh8 15.
Rad1 c5 16. Nc2 d4 17. cxd4 cxd4 18. Bxe5 fxe5 19. Nb4 a5 20. Nd3 Bc7 21. a4
Nc6 22. Qc2 Be6 23. b3 Rac8 24. Nc4 Qf7 25. Rc1 Qe7 26. Ncb2 Bd6 27. Nc4 Nb4
28. Nxb4 Bxb4 29. Bd3 Bxc4 30. bxc4 b6 31. f4 exf4 32. Rxf4 Bd6 33. Rf3 Rf8 34.
Rcf1 Rxf3 35. Rxf3 Qh4 36. g3 Qe7 37. Rf5 Rf8 38. Qf2 g6 39. Rf3 1/2-1/2

[Event "CAN-ch U16"]
[Site "Winnipeg CAN"]
[Date "1996.03.25"]
[Round "6"]
[White "Henson, Joshua"]
[Black "Glinert, Stephen"]
[Result "1-0"]
[WhiteElo "1747"]
[BlackElo "2160"]
[PlyCount "97"]
[EventDate "1996.03.23"]
[EventType "tourn"]
[EventRounds "9"]
[EventCountry "CAN"]
[Source "ChessBase"]
[SourceDate "2000.11.22"]

1. e4 d6 2. d4 Nf6 3. Nc3 g6 4. Nf3 Bg7 5. Be2 O-O 6. O-O Bg4 7. Be3 Nc6 8. Qd2
Bxf3 9. Bxf3 e5 10. dxe5 Nxe5 11. Be2 Re8 12. Bg5 Qd7 13. Rfe1 a6 14. Rad1 Qc6
15. Bd3 Ned7 16. Re2 Nc5 17. Rde1 Ne6 18. Bxf6 Bxf6 19. Rf1 Rad8 20. Kh1 Qd7
21. f4 Nd4 22. Ree1 Bg7 23. Qf2 f5 24. exf5 Nxf5 25. Bxf5 Qxf5 26. Rxe8+ Rxe8
27. Qd2 Kh8 28. h3 Rf8 29. g4 Qc5 30. Nd1 Qc6+ 31. Qg2 Qb6 32. c3 c6 33. Qf2
Qa5 34. a3 Be5 35. Qd2 Qb5 36. Rf2 Bg7 37. Qxd6 Qc4 38. Qd2 Qe4+ 39. Kg1 h6 40.
Qe3 Qd5 41. Qe2 Qd6 42. Qf3 Be5 43. fxe5 Rxf3 44. exd6 Rd3 45. Rf1 Rxd6 46. Kf2
Rd2+ 47. Ke3 Rh2 48. Nf2 h5 49. Rh1 1-0

[Event "CAN-ch U16"]
[Site "Winnipeg CAN"]
[Date "1996.03.26"]
[Round "7"]
[White "Glinert, Stephen"]
[Black "Wu, Douglas"]
[Result "0-1"]
[WhiteElo "2160"]
[BlackElo "1957"]
[PlyCount "62"]
[EventDate "1996.03.23"]
[EventType "tourn"]
[EventRounds "9"]
[EventCountry "CAN"]
[Source "ChessBase"]
[SourceDate "2000.11.22"]

1. e4 c5 2. d4 cxd4 3. c3 dxc3 4. Nxc3 Nc6 5. Nf3 d6 6. Bc4 Nf6 7. e5 dxe5 8.
Qxd8+ Kxd8 9. Ng5 Kc7 10. Nb5+ Kb8 11. Nxf7 a6 12. Nc3 Rg8 13. f4 b5 14. Bd3
Nb4 15. Bb1 e4 16. Ne5 Bb7 17. g4 Nd3+ 18. Nxd3 exd3 19. Rg1 e5 20. fxe5 Bc5
21. Rg3 Re8 22. Kf1 Ne4 23. Nxe4 Bxe4 24. Be3 Bb4 25. g5 Kb7 26. Bf4 Rf8 27.
Rg4 Bd2 28. Kf2 Bxf4 29. a4 Bd2+ 30. Kg3 Be1+ 31. Kh3 Rf3+ 0-1

[Event "CAN-ch U16"]
[Site "Winnipeg CAN"]
[Date "1996.03.26"]
[Round "8"]
[White "Pechisker, Alfred"]
[Black "Glinert, Stephen"]
[Result "1/2-1/2"]
[WhiteElo "2054"]
[BlackElo "2160"]
[PlyCount "97"]
[EventDate "1996.03.23"]
[EventType "tourn"]
[EventRounds "9"]
[EventCountry "CAN"]
[Source "ChessBase"]
[SourceDate "2000.11.22"]

1. d4 d5 2. c4 e6 3. Nc3 Nf6 4. Bg5 Be7 5. Nf3 O-O 6. e3 h6 7. Bh4 b6 8. cxd5
Nxd5 9. Bxe7 Qxe7 10. Nxd5 exd5 11. Bd3 Be6 12. O-O Nd7 13. Bb5 Qd6 14. Bxd7
Bxd7 15. Rc1 Bg4 16. Qc2 Bxf3 17. gxf3 Rac8 18. Qc6 Qd8 19. Rfd1 Qg5+ 20. Kf1
Qh5 21. Ke2 Rfe8 22. Qb7 c5 23. dxc5 d4 24. Rxd4 bxc5 25. b3 Qxh2 26. Rd5 Rc7
27. Qb5 Rce7 28. Rc3 Qg1 29. Qxc5 Qb1 30. Rc2 Qa1 31. Rcd2 Qh1 32. b4 Qh4 33.
b5 Kh7 34. Rd7 Re5 35. Qc2+ Kg8 36. Qb3 Qf6 37. Rxa7 Rf5 38. b6 Rxf3 39. Ke1
Rc8 40. Rc7 Re8 41. Qc4 Qxb6 42. Qc6 Qxc6 43. Rxc6 h5 44. Rd5 g6 45. a4 Ra8 46.
a5 Kg7 47. Kf1 Rf6 48. Rb6 Ra6 49. Kg2 1/2-1/2

[Event "CAN-ch U16"]
[Site "Winnipeg CAN"]
[Date "1996.03.27"]
[Round "9"]
[White "Glinert, Stephen"]
[Black "Chin, Garrett"]
[Result "1-0"]
[WhiteElo "2160"]
[BlackElo "1776"]
[PlyCount "99"]
[EventDate "1996.03.23"]
[EventType "tourn"]
[EventRounds "9"]
[EventCountry "CAN"]
[Source "ChessBase"]
[SourceDate "2000.11.22"]

1. e4 d6 2. d4 Nf6 3. f3 g6 4. c4 Bg7 5. Nc3 O-O 6. Be3 Nbd7 7. Qd2 Ne8 8. g4
e5 9. d5 f5 10. gxf5 gxf5 11. exf5 Qh4+ 12. Kd1 Rxf5 13. Bd3 Rf8 14. Ne4 Ndf6
15. Ng3 h6 16. N1e2 Nh5 17. Nxh5 Qxh5 18. Be4 Nf6 19. Kc2 Bh3 20. Rhg1 Nxe4 21.
fxe4 Kh7 22. Rg3 Rf1 23. Rg1 Rxa1 24. Rxa1 Rf8 25. Ng3 Qf3 26. Re1 h5 27. Bg5
Bf6 28. Re2 Qg4 29. Bxf6 Rxf6 30. Nf5 Rxf5 31. exf5 Qxc4+ 32. Kb1 Bxf5+ 33. Ka1
Be4 34. Re1 Bxd5 35. b3 Qd4+ 36. Qxd4 exd4 37. Re7+ Kg6 38. Rxc7 Kg5 39. Rd7
Kh4 40. Rxd6 Bg2 41. Rxd4+ Kh3 42. Rf4 Bc6 43. Kb2 Kg2 44. Rh4 Bf3 45. Kc3 Kf2
46. Kd4 Be2 47. Rh3 Bg4 48. Rg3 Bd7 49. Ke4 Ke2 50. Re3+ 1-0

[Event "CAN-op"]
[Site "Toronto CAN"]
[Date "1995.07.15"]
[Round "9"]
[White "Katz, David"]
[Black "Glinert, Stephen"]
[Result "1-0"]
[WhiteElo "2232"]
[BlackElo "2005"]
[PlyCount "91"]
[EventDate "1995.07.08"]
[EventType "swiss"]
[EventRounds "10"]
[EventCountry "CAN"]

1. e4 Nc6 2. Nf3 e6 3. d3 d5 4. Nbd2 Nf6 5. g3 dxe4 6. dxe4 e5 7. Bg2 Bg4 8.
O-O Bc5 9. c3 O-O 10. Qc2 a6 11. Nc4 Qe7 12. Bg5 Qe6 13. b3 Bh5 14. Be3 Bxf3
15. Bxc5 Bxg2 16. Kxg2 Rfd8 17. Rad1 Rxd1 18. Rxd1 Ne7 19. f3 Ng6 20. Ne3 Ne7
21. Rd3 h6 22. Qd2 Nc6 23. Nf5 Kh7 24. Ba3 Nh5 25. Rd7 Re8 26. Rxc7 Rd8 27. Qe3
Qg6 28. Kf2 Qe6 29. Rxb7 Rc8 30. Kg2 Qg6 31. Rd7 Nf4+ 32. Kf1 Ne6 33. Rd6 Qh5
34. Kg2 Ncd4 35. h4 Nxf5 36. exf5 Nc7 37. Qd3 f6 38. Bc1 Nb5 39. g4 Qxh4 40.
Rd8 Rxc3 41. Qd5 Rc2+ 42. Bd2 Rxd2+ 43. Qxd2 Nd4 44. Rc8 h5 45. Qd1 Qg5 46. Qc1
1-0

[Event "Toronto op"]
[Site "Toronto CAN"]
[Date "1994.04.??"]
[Round "?"]
[White "Glinert, Stephen"]
[Black "Krupka, David"]
[Result "1-0"]
[WhiteElo "2016"]
[BlackElo "1968"]
[PlyCount "74"]
[EventDate "1994.04.01"]
[EventType "swiss"]
[EventRounds "6"]
[EventCountry "CAN"]
[SourceDate "2011.01.01"]

1. e4 e6 2. d4 d5 3. Nc3 Bb4 4. Nge2 Nf6 5. a3 Be7 6. Ng3 dxe4 7. Ngxe4 Nbd7 8.
Bf4 O-O 9. Bd3 Nd5 10. Nxd5 exd5 11. Nc3 Nf6 12. O-O Bg4 13. f3 Bd7 14. Re1 c5
15. dxc5 Bxc5+ 16. Kh1 Rc8 17. Bg5 Bc6 18. b4 Bb6 19. a4 d4 20. Ne2 Re8 21. Qd2
a6 22. Ng3 Bd7 23. Nh5 Rc6 24. Bxf6 Rxf6 25. Nxf6+ Qxf6 26. Rxe8+ Bxe8 27. Qe2
Bc6 28. Re1 g6 29. b5 axb5 30. axb5 Bd5 31. Qe8+ Kg7 32. Qe5 Qxe5 33. Rxe5 Be6
34. g3 Kf6 35. Re2 Bd5 36. Kg2 h6 37. Kh3 Be6+ 1-0

[Event "Toronto op"]
[Site "Toronto CAN"]
[Date "1994.04.??"]
[Round "?"]
[White "Takov, Chris"]
[Black "Glinert, Stephen"]
[Result "0-1"]
[WhiteElo "1955"]
[BlackElo "2016"]
[PlyCount "60"]
[EventDate "1994.04.01"]
[EventType "swiss"]
[EventRounds "6"]
[EventCountry "CAN"]
[SourceDate "2011.01.01"]

1. f4 Nf6 2. b3 g6 3. Bb2 Bg7 4. e3 O-O 5. Nf3 d6 6. Be2 Nbd7 7. O-O e5 8. fxe5
Ng4 9. Nc3 Ngxe5 10. Kh1 f5 11. Qe1 c6 12. Qg3 Nxf3 13. gxf3 Nf6 14. d3 Nh5 15.
Qg2 f4 16. e4 Qh4 17. Qf2 Ng3+ 18. Kg1 c5 19. Rfe1 Bd4 20. Qxd4 cxd4 21. Nd5
Qg5 22. Kf2 Bh3 23. Rg1 Nxe4+ 24. dxe4 Qh4+ 25. Rg3 fxg3+ 26. hxg3 Qxe4 27. Rd1
Rac8 28. c4 Rce8 29. Rd2 Rxf3+ 30. Kg1 Rxg3+ 0-1

[Event "Chess Nuts op"]
[Site "Toronto CAN"]
[Date "1994.??.??"]
[Round "?"]
[White "Takov, Chris"]
[Black "Glinert, Stephen"]
[Result "0-1"]
[WhiteElo "1930"]
[BlackElo "1918"]
[PlyCount "30"]
[EventDate "1994.02.25"]
[EventType "swiss"]
[EventRounds "5"]
[EventCountry "CAN"]

1. f4 Nf6 2. b3 g6 3. Bb2 Bg7 4. Nf3 d6 5. e3 O-O 6. d3 Nbd7 7. Nbd2 e5 8. fxe5
Ng4 9. Qe2 Ngxe5 10. Nxe5 Nxe5 11. O-O-O Bg4 12. Nf3 Qf6 13. Bxe5 dxe5 14. h3
e4 15. Qf2 Qb2+ 0-1

[Event "Mississauga active"]
[Site "Mississauga CAN"]
[Date "1996.04.28"]
[Round "2"]
[White "Veltmann, Martin"]
[Black "Glinert, Stephen"]
[Result "1/2-1/2"]
[WhiteElo "2195"]
[BlackElo "2150"]
[PlyCount "68"]
[EventDate "1996.04.28"]
[EventType "swiss (rapid)"]
[EventRounds "6"]
[EventCountry "CAN"]

1. d4 d5 2. c4 e6 3. Nc3 Nf6 4. Nf3 Be7 5. Bf4 O-O 6. e3 b6 7. Qc2 c5 8. O-O-O
Bb7 9. h4 Nbd7 10. Kb1 Rc8 11. Ne5 cxd4 12. Rxd4 Nxe5 13. Bxe5 Bd6 14. Bxd6
Qxd6 15. g4 e5 16. Rd1 Qc5 17. g5 d4 18. Rg1 Ne8 19. Ne4 Bxe4 20. Qxe4 Nd6 21.
Qg4 Nxc4 22. Bxc4 Qxc4 23. exd4 exd4 24. Qxd4 Qc2+ 25. Ka1 Rc4 26. Qd2 Qxd2 27.
Rxd2 Rfc8 28. b3 Rc2 29. Rgd1 g6 30. Kb1 Rxd2 31. Rxd2 Rc7 32. Kb2 Kf8 33. Rd8+
Kg7 34. Rd6 Re7 1/2-1/2